000 00761nam a22002175i 4500
001 155686
003 ES-MaACL
005 20250716062625.0
008 010926m18801910fr |||| | fre d
040 _aCAM
_bspa
_cCAM
100 1 _aHugo, Victor,
_d1802-1885
_964627
245 1 3 _aLe dernier jour d'un condamné
_b; Claude Gueux /
_cVictor Hugo.
260 _aParis :
_bJ. Hetzel & Cie :
_bMaison Quantin,
_c[s.n.] (
_fL.-Imprimeries réunies)
300 _a187 p. ;
_c18 cm.
490 1 _aOeuvres complètes de Victor Hugo
596 _aProbablemente de finales del S. XIX ó principios del S. XIX.
740 0 1 _aClaude Gueux.
830 0 _aOeuvres complètes de Victor Hugo
_9187960
852 _aES-MaACL
_jG-3107
_z-- Rust.
999 _c155686
_d155686